000 00437nam a22001817a 4500
005 20230914110526.0
008 221219b |||||||| |||| 00| 0 eng d
020 _a978-81-946486-0-6
041 _aeng
082 _a631.58- ROY-I
100 _aROY , N.K
_98187
245 _aIRRIGATION ENGINEERING
250 _a1st ed.
260 _aRANCHI
_bHONEY ENTERPRISES
300 _a140;P.
650 _aAgriculture
_98188
942 _cBK
999 _c8113
_d8111